[Event "Pardubice Czech op-B 30th"]
[Site "Pardubice"]
[Date "2019.07.24"]
[Round "6"]
[White "Chandreyee, Hajra"]
[Black "Hoppe, Andreas"]
[Result "1/2-1/2"]
[WhiteElo "1868"]
[BlackElo "2036"]
[PlyCount "134"]
[EventDate "2019.07.19"]
[EventType "swiss"]
[EventRounds "9"]
[EventCountry "CZE"]
[SourceTitle "EXT 2020"]
[Source "ChessBase"]
[SourceDate "2019.10.17"]
[SourceVersion "1"]
[SourceVersionDate "2019.10.17"]
[SourceQuality "1"]

1. e4 e6 2. d4 d5 3. Nc3 Bb4 4. e5 c5 5. a3 cxd4 6. axb4 dxc3 7. bxc3 Qc7 8. Nf3 Nd7 9. Bd3 Nxe5 10. 0-0 Qxc3 11. Nxe5 Qxe5 12. Be3 Bd7 13. Bxa7 Rc8 14. Re1 Qf4 15. c3 Nf6 16. Be3 Qh4 17. Bc5 Ng4 18. h3 Rxc5 19. bxc5 Nxf2 20. Qf3 Nxd3 21. Qxd3 0-0 22. Qd4 Qg3 23. c4 Bc6 24. cxd5 Bxd5 25. Re2 f5 26. Qe3 Qh4 27. Qf2 Qg5 28. Re5 Qg6 29. Rd1 f4 30. Rexd5 exd5 31. Qa2 h6 32. Qxd5+ Qf7 33. Kf2 Kh7 34. Qxf7 Rxf7 35. Kf3 g5 36. Kg4 Kg6 37. Rd6+ Rf6 38. Rd7 Rc6 39. h4 h5+ 40. Kf3 Rxc5 41. hxg5 b5 42. Kxf4 Rf5+ 43. Ke4 Rxg5 44. Rd6+ Kf7 45. Kf3 Ke7 46. Rh6 Kd7 47. Ke3 Ke7 48. Rb6 h4 49. Kf4 Rc5 50. Ke3 Kf7 51. Kf3 Kg7 52. Ke3 Kf7 53. Kf3 Rc3+ 54. Ke2 Rb3 55. Rh6 Rb4 56. Kd3 Kg7 57. Rb6 Rb2 58. Ke3 Rb3+ 59. Ke2 b4 60. Kf2 Rb1 61. Kf3 b3 62. Kf2 b2 63. Rb7+ Kf6 64. Rb6+ Ke5 65. Rb8 h3 66. Kg3 Kd4 67. Kh2 hxg2 1/2-1/2

[Event "Niedersachsen-ch op A"]
[Site "Verden"]
[Date "2019.01.06"]
[Round "7"]
[White "Hoppe, Andreas"]
[Black "Bulygin, Anton"]
[Result "1/2-1/2"]
[WhiteElo "1958"]
[BlackElo "1904"]
[PlyCount "68"]
[EventDate "2019.01.03"]
[EventType "swiss"]
[EventRounds "7"]
[EventCountry "GER"]
[SourceTitle "EXT 2022"]
[Source "ChessBase"]
[SourceDate "2021.10.06"]
[SourceVersion "1"]
[SourceVersionDate "2021.10.06"]
[SourceQuality "1"]

1. d4 g6 2. e4 Bg7 3. Bc4 e6 4. Nf3 h6 5. 0-0 Ne7 6. Bb3 0-0 7. c3 d6 8. Be3 b6 9. Nbd2 Bb7 10. h4 Nd7 11. Re1 d5 12. e5 Nf5 13. g4 Nxh4 14. Nxh4 Qxh4 15. Kg2 f5 16. gxf5 Nxe5 17. Rh1 Qg4+ 18. Qxg4 Nxg4 19. fxg6 Nxe3+ 20. fxe3 Ba6 21. Rh4 Rf6 22. Bc2 Raf8 23. Rf4 Rxf4 24. exf4 Rxf4 25. Re1 Bc8 26. Nf3 c5 27. Kg3 Rf8 28. Ne5 cxd4 29. cxd4 Bxe5+ 30. Rxe5 Kg7 31. Bd3 Bd7 32. Re1 a5 33. Rc1 Rc8 34. Rf1 Rf8 1/2-1/2

[Event "Pardubice Czech op-C 29th"]
[Site "Pardubice"]
[Date "2018.07.23"]
[Round "4"]
[White "Zeleny, Tomas1111"]
[Black "Hoppe, Andreas"]
[Result "1/2-1/2"]
[WhiteElo "1809"]
[BlackElo "1964"]
[PlyCount "37"]
[EventDate "2018.07.21"]
[EventType "swiss"]
[EventRounds "9"]
[EventCountry "CZE"]
[SourceTitle "CBM 186 Extra"]
[Source "ChessBase"]
[SourceDate "2018.08.24"]
[SourceVersion "1"]
[SourceVersionDate "2018.08.24"]
[SourceQuality "1"]

1. e4 e6 2. d4 d5 3. Nd2 Nf6 4. e5 Nfd7 5. Bd3 c5 6. c3 Nc6 7. Ne2 cxd4 8. cxd4 f6 9. exf6 Qxf6 10. Nf3 h6 11. 0-0 Bd6 12. Be3 0-0 13. Qd2 Rd8 14. Nf4 Nf8 15. Rad1 Qf7 16. a3 Bd7 17. Be2 Be8 18. Nd3 Qe7 19. Bf4 1/2-1/2

[Event "Pardubice Czech op-C 29th"]
[Site "Pardubice"]
[Date "2018.07.21"]
[Round "1"]
[White "Hoppe, Andreas"]
[Black "Semenova, Daria1111"]
[Result "1-0"]
[WhiteElo "1964"]
[BlackElo "1614"]
[PlyCount "49"]
[EventDate "2018.07.21"]
[EventType "swiss"]
[EventRounds "9"]
[EventCountry "CZE"]
[SourceTitle "CBM 186 Extra"]
[Source "ChessBase"]
[SourceDate "2018.08.24"]
[SourceVersion "1"]
[SourceVersionDate "2018.08.24"]
[SourceQuality "1"]

1. d4 Nf6 2. Nc3 g6 3. Bf4 c5 4. e3 Bg7 5. Qd2 0-0 6. f3 d5 7. 0-0-0 cxd4 8. exd4 Re8 9. Bh6 Bh8 10. h4 Nc6 11. h5 e5 12. dxe5 Nxe5 13. hxg6 fxg6 14. Bg5 Be6 15. Bb5 Nc6 16. Qf4 a6 17. Ba4 Rc8 18. Nge2 Rf8 19. Qh4 Qd7 20. Nf4 Rc7 21. Nxg6 Rf7 22. Nxh8 Kxh8 23. Bxf6+ Kg8 24. Qg5+ Kf8 25. Nxd5 1-0

[Event "GER-chT U14"]
[Site "Regensburg"]
[Date "2014.12.29"]
[Round "5.3"]
[White "Bruell, Elias"]
[Black "Hoppe, Andreas"]
[Result "0-1"]
[WhiteElo "1685"]
[BlackElo "1699"]
[PlyCount "76"]
[EventDate "2014.12.27"]
[EventType "team-swiss"]
[EventRounds "7"]
[EventCountry "GER"]
[SourceTitle "EXT 2016"]
[Source "ChessBase"]
[SourceDate "2015.10.08"]
[SourceVersion "1"]
[SourceVersionDate "2015.10.08"]
[SourceQuality "1"]
[WhiteTeam "Regensburg Bavaria"]
[BlackTeam "Hagen"]
[WhiteTeamCountry "GER"]
[BlackTeamCountry "GER"]

1. e4 e6 2. d4 d5 3. e5 c5 4. c3 Qb6 5. Nf3 Bd7 6. a3 Bb5 7. b4 cxd4 8. Bxb5+ Qxb5 9. cxd4 Nd7 10. Nc3 Qc6 11. Bd2 Nb6 12. 0-0 Ne7 13. Rc1 Nc4 14. Qb3 Nf5 15. Rc2 Rc8 16. Rfc1 Be7 17. b5 Qd7 18. a4 0-0 19. Ne2 b6 20. Bf4 h6 21. g4 Nh4 22. Nxh4 Bxh4 23. Bg3 Be7 24. f4 Rc7 25. Qf3 Rfc8 26. Kh1 Qd8 27. Nc3 Na3 28. Rg2 Bb4 29. Be1 Nb1 30. Rgc2 Nxc3 31. Bxc3 Rc4 32. f5 Qc7 33. fxe6 fxe6 34. Bxb4 Rxc2 35. Rf1 Rc1 36. Kg2 Rxf1 37. Kxf1 Qc1+ 38. Be1 Rf8 0-1

[Event "GER-chT North U14"]
[Site "Magdeburg"]
[Date "2014.09.13"]
[Round "5.3"]
[White "Neumann, Oskar"]
[Black "Hoppe, Andreas"]
[Result "1/2-1/2"]
[WhiteElo "1291"]
[BlackElo "1724"]
[PlyCount "168"]
[EventDate "2014.09.11"]
[EventType "team-swiss"]
[EventRounds "7"]
[EventCountry "GER"]
[SourceTitle "EXT 2016"]
[Source "ChessBase"]
[SourceDate "2015.10.08"]
[SourceVersion "1"]
[SourceVersionDate "2015.10.08"]
[SourceQuality "1"]
[WhiteTeam "Hamburg Eppendorf"]
[BlackTeam "Hagen"]
[WhiteTeamCountry "GER"]
[BlackTeamCountry "GER"]

1. e4 e6 2. d4 d5 3. Nd2 Nf6 4. e5 Nfd7 5. Bd3 c5 6. c3 Nc6 7. Ne2 cxd4 8. cxd4 f6 9. exf6 Qxf6 10. Nf3 h6 11. 0-0 Bd6 12. Bd2 0-0 13. Bc3 Rd8 14. Qd2 Nf8 15. Rfe1 Bd7 16. Nc1 Be8 17. Nb3 b6 18. Qe2 Nb4 19. Bb1 Bh5 20. Nbd2 Nc6 21. a3 Re8 22. Qb5 Rac8 23. Bb4 Bxb4 24. axb4 Nxd4 25. Nxd4 Qxd4 26. Nf1 Rc7 27. Ng3 Bf7 28. Re2 Rc1+ 29. Nf1 Qd1 30. Re3 Rec8 31. Rc3 R8xc3 32. bxc3 Rxb1 33. Rxa7 Bg6 34. h3 Bd3 35. Qxb6 Qxf1+ 36. Kh2 Be4 37. f3 Rb2 38. Rxg7+ Kxg7 39. Qc7+ Kg8 40. Qg3+ Bg6 41. h4 Qh1+ 42. Kxh1 h5 43. Qd6 Bd3 44. Qe5 Bf5 45. g4 hxg4 46. fxg4 Be4+ 47. Kg1 Rg2+ 48. Kf1 Rxg4 49. b5 Bd3+ 50. Kf2 Bxb5 51. Qh5 Rg7 52. Qh6 Bd3 53. Ke3 Bf5 54. Kd2 Rg4 55. Ke3 Ng6 56. h5 Nf4 57. Kd2 Nxh5 58. Qxh5 Rg2+ 59. Ke1 Rc2 60. Qe8+ Kg7 61. Qe7+ Kg6 62. Qe8+ Kg5 63. Qg8+ Kf4 64. Qh8 Kf3 65. Qh5+ Ke3 66. Qg5+ Kd3 67. Qg3+ Kc4 68. Qc7+ Kb3 69. Qb6+ Kxc3 70. Qc5+ Kd3 71. Qb5+ Ke3 72. Qb3+ Kf4 73. Qb8+ Ke4 74. Qb4+ d4 75. Qb1 Ke3 76. Qb3+ Kf4 77. Qb8+ e5 78. Qh8 d3 79. Qh4+ Ke3 80. Qg5+ Ke4 81. Qh4+ Kd5 82. Qd8+ Kc4 83. Qc7+ Kd4 84. Qd8+ Ke3 1/2-1/2

[Event "Niedersachsen-ch op-A"]
[Site "Verden"]
[Date "2014.01.05"]
[Round "7"]
[White "Hoppe, Andreas"]
[Black "Jung, Gerald"]
[Result "0-1"]
[WhiteElo "1715"]
[BlackElo "2012"]
[PlyCount "58"]
[EventDate "2014.01.02"]
[EventType "swiss"]
[EventRounds "7"]
[EventCountry "GER"]
[SourceTitle "EXT 2016"]
[Source "ChessBase"]
[SourceDate "2015.10.08"]
[SourceVersion "1"]
[SourceVersionDate "2015.10.08"]
[SourceQuality "1"]

1. e4 c5 2. Nf3 d6 3. d4 cxd4 4. Nxd4 Nf6 5. Nc3 a6 6. Be3 e5 7. Nf3 Be6 8. Be2 h6 9. 0-0 Nbd7 10. Nd2 b5 11. Nb3 Nb6 12. f3 b4 13. Nb1 d5 14. exd5 Nbxd5 15. Bf2 Qc7 16. N1d2 Be7 17. Bc4 0-0 18. Bxd5 Nxd5 19. Ne4 Rfd8 20. Nbd2 f5 21. Ng3 f4 22. Nge4 Ne3 23. Qc1 Nxf1 24. Kxf1 Rac8 25. c3 Qd7 26. Be1 Qd3+ 27. Kg1 bxc3 28. Nxc3 Bc5+ 29. Kh1 Be3 0-1